000 00438nmm a2200157Ia 4500
008 251105s9999||||xx |||||||||||||||||und||
020 _a9789562605823
041 _aspa
100 _aOstornol, Antonio
245 0 _aDubrovnik
264 _a[Santiago de Chile, Chile] :
_bCuarto Propio,
_c2011
300 _a263 páginas
650 _aLatin American narrative
856 _uhttps://public.digitaliapublishing.com/a/25320
942 _cCF
999 _c94255
_d94255